Selected speeches / (Record no. 38)

MARC details
000 -LEADER
fixed length control field 01164pam a2200337 a 4500
001 - CONTROL NUMBER
control field 2451422
005 - DATE AND TIME OF LATEST TRANSACTION
control field 20200421093817.0
008 - FIXED-LENGTH DATA ELEMENTS--GENERAL INFORMATION
fixed length control field 890313s1989 enk 001 0 grc
010 ## - LIBRARY OF CONGRESS CONTROL NUMBER
LC control number 89001041
020 ## - INTERNATIONAL STANDARD BOOK NUMBER
International Standard Book Number 0521264359
020 ## - INTERNATIONAL STANDARD BOOK NUMBER
International Standard Book Number 0521269881 (pbk.)
040 ## - CATALOGING SOURCE
Original cataloging agency DLC
Transcribing agency DLC
Modifying agency DLC
041 0# - LANGUAGE CODE
Language code of text/sound track or separate title grceng
050 00 - LIBRARY OF CONGRESS CALL NUMBER
Classification number PA4241
Item number .A3 1989
082 00 - DEWEY DECIMAL CLASSIFICATION NUMBER
Classification number 885/.01
Edition information 20
100 0# - MAIN ENTRY--PERSONAL NAME
Personal name Lysias.
9 (RLIN) 613
240 10 - UNIFORM TITLE
Uniform title Speeches.
Form subheading Selections
245 10 - TITLE STATEMENT
Title Selected speeches /
Statement of responsibility, etc. Lysias ; edited by C. Carey.
260 ## - PUBLICATION, DISTRIBUTION, ETC.
Place of publication, distribution, etc. Cambridge ;
-- New York :
Name of publisher, distributor, etc. Cambridge University Press,
Date of publication, distribution, etc. 1989.
300 ## - PHYSICAL DESCRIPTION
Extent xiii, 230 p. ;
Dimensions 20 cm.
440 #0 - SERIES STATEMENT/ADDED ENTRY--TITLE
Title Cambridge Greek and Latin classics
500 ## - GENERAL NOTE
General note Text in Greek; introd. and commentary in English.
500 ## - GENERAL NOTE
General note Includes indexes.
504 ## - BIBLIOGRAPHY, ETC. NOTE
Bibliography, etc. note Includes bibliographical references.
650 #0 - SUBJECT ADDED ENTRY--TOPICAL TERM
Topical term or geographic name entry element Speeches, addresses, etc., Greek.
700 1# - ADDED ENTRY--PERSONAL NAME
Personal name Carey, Christopher.
9 (RLIN) 1518
856 41 - ELECTRONIC LOCATION AND ACCESS
Materials specified Table of contents
Uniform Resource Identifier <a href="http://www.loc.gov/catdir/toc/cam023/89001041.html">http://www.loc.gov/catdir/toc/cam023/89001041.html</a>
856 42 - ELECTRONIC LOCATION AND ACCESS
Materials specified Publisher description
Uniform Resource Identifier <a href="http://www.loc.gov/catdir/description/cam023/89001041.html">http://www.loc.gov/catdir/description/cam023/89001041.html</a>
906 ## - LOCAL DATA ELEMENT F, LDF (RLIN)
a 7
b cbc
c orignew
d 1
e ocip
f 19
g y-gencatlg
942 ## - ADDED ENTRY ELEMENTS (KOHA)
Source of classification or shelving scheme Dewey Decimal Classification
Koha item type Books
Holdings
Withdrawn status Lost status Damaged status Not for loan Collection Home library Current library Shelving location Date acquired Barcode Date last seen Price effective from Koha item type
        Reference Centerville Centerville General stacks 09/04/2014 39999000001617 09/04/2014 09/04/2014 Books